[Event "Biel"]
[Site "Biel"]
[Date "1994.??.??"]
[Round "10"]
[White "Vaganian, Rafael A"]
[Black "Wahls, Matthias"]
[Result "1/2-1/2"]
[WhiteElo "2645"]
[BlackElo "2540"]

1.Nf3 Nf6 2.c4 c5 3.Nc3 e6 4.g3 b6 5.Bg2 Bb7 6.O-O d6 7.d4 cxd4 8.Qxd4 a6
9.Rd1 Be7 10.b3 Nbd7 11.Nd2 Bxg2 12.Kxg2 O-O 13.Nde4 Qc7 14.Bb2 Rfd8 15.f3 Ne8
16.Rac1 Qb7 17.Ba3 Nb8 18.Nf2 Nc6 19.Qe3 b5 20.Nce4 Rac8 21.h4 h6 22.Nd3 Bf8
23.Nf4 bxc4 24.bxc4 Ne5 25.Nd2 Qc6 26.Nd3 Nxd3 27.Qxd3 Nf6 28.Ne4 Ne8 29.g4 Qa8  1/2-1/2

[Event "Bled op"]
[Site "Bled"]
[Date "1994.??.??"]
[Round "?"]
[White "Golubovic, Boris"]
[Black "Gostisa, Leon"]
[Result "0-1"]
[WhiteElo "2370"]
[BlackElo "2410"]

1.Nf3 Nf6 2.c4 c5 3.Nc3 e6 4.g3 b6 5.Bg2 Bb7 6.O-O d6 7.b3 Nbd7 8.d4 cxd4
9.Qxd4 a6 10.e4 Qb8 11.Rd1 Be7 12.Ba3 Nc5 13.e5 dxe5 14.Qxe5 O-O 15.Qxb8 Raxb8
16.Ne5 Bxg2 17.Kxg2 Rfc8 18.Na4 b5 19.cxb5 axb5 20.Bxc5 Bxc5 21.Nxc5 Rxc5
22.Nd3 Rf5 23.Nb4 g5 24.Rac1 Kg7 25.Rc7 Ra8 26.Rd2 h5 27.Re2 h4 28.Rxe6 h3+
29.Kg1 Nd5 30.Nxd5 Rxd5 31.Re1 Rxa2 32.Rc3 g4 33.Rce3 Kg6 34.Kf1 Rdd2 35.R3e2 Rxe2
36.Rxe2 Ra1+ 37.Re1 Rxe1+ 38.Kxe1 Kf5 39.Kd2 Ke4 40.Ke2 Kd4 41.Kd2 b4  0-1

[Event "Slovan op"]
[Site "Bratislava"]
[Date "1994.??.??"]
[Round "?"]
[White "Kebis, Milos"]
[Black "Urbanec, Ladislav"]
[Result "0-1"]
[WhiteElo "2210"]
[BlackElo "2275"]

1.Nf3 Nf6 2.c4 e6 3.Nc3 c5 4.g3 b6 5.Bg2 Bb7 6.O-O Be7 7.Qc2 O-O 8.e4 Nc6
9.b3 d5 10.e5 Nd7 11.cxd5 Nb4 12.Qb1 exd5 13.a3 Na6 14.d4 Nc7 15.Rd1 cxd4
16.Rxd4 Nc5 17.Ra2 Qd7 18.Bg5 N7e6  0-1

[Event "Budapest FS03 IM-B"]
[Site "Budapest"]
[Date "1994.??.??"]
[Round "1"]
[White "Vadasz, Laszlo"]
[Black "Demir, Gokhan"]
[Result "1-0"]
[WhiteElo "2365"]
[BlackElo "2235"]

1.Nf3 c5 2.c4 Nf6 3.Nc3 g6 4.d4 Bg7 5.e4 cxd4 6.Nxd4 Nc6 7.Be3 Ng4 8.Qxg4 Nxd4
9.Qd1 Ne6 10.Qd2 Qa5 11.Rc1 b6 12.Qd5 Qxd5 13.cxd5 Nc5 14.f3 Ba6 15.Bxa6 Nxa6
16.Kd2 d6 17.b3 Bxc3+ 18.Rxc3 Kd7 19.Rhc1 f5 20.Bd4 Rhe8 21.b4 e5 22.Be3 Rec8
23.Rxc8 Rxc8 24.Rxc8 Kxc8 25.Kc3 f4 26.Bf2 g5 27.g3 Nc7 28.gxf4 gxf4 29.a4 Kb7
30.Bh4 a6 31.Be7 Ne8 32.Kc4 Kc7 33.b5 a5 34.Kd3 Kd7 35.Bh4 Nc7 36.Ke2 Ke8
37.Kf1 Kf7 38.Kg2 Na8 39.Bf2 h6 40.Kh3 h5 41.Bh4 Ke8 42.Bg5 Nc7 43.Bf6 Kd7
44.Bh4 Ne8 45.Bf2  1-0

[Event "Budapest FS04 IM-A"]
[Site "Budapest"]
[Date "1994.??.??"]
[Round "2"]
[White "Reh, Philipp"]
[Black "Kabatianski, Alexandr"]
[Result "0-1"]
[WhiteElo "2160"]
[BlackElo "2365"]

1.c4 Nf6 2.Nc3 c5 3.Nf3 e6 4.g3 b6 5.Bg2 Bb7 6.O-O d6 7.d4 cxd4 8.Qxd4 a6
9.e4 Nbd7 10.b3 Qc8 11.Qe3 Be7 12.Bb2 O-O 13.Nd4 Re8 14.h3 Bf8 15.Rae1 g6
16.g4 Bg7 17.g5 Nh5 18.Bf3 Nf4 19.Qxf4 Bxd4 20.Bg2 e5 21.Qd2 f6 22.h4 fxg5
23.hxg5 Qd8 24.Bh3 Rf8 25.Kh2 Nc5 26.f4 Bc6 27.f5 Bxc3 28.Bxc3 Nxe4 29.Qe3 Qxg5
30.Qxg5 Nxg5  0-1

[Event "Budapest FS03 IM-B"]
[Site "Budapest"]
[Date "1994.??.??"]
[Round "3"]
[White "Meyer, P."]
[Black "Schneider, Attila"]
[Result "1/2-1/2"]
[WhiteElo "2345"]
[BlackElo "2380"]

1.Nf3 Nf6 2.c4 c5 3.Nc3 e6 4.g3 b6 5.Bg2 Bb7 6.O-O a6 7.Re1 d6 8.e4 Nbd7
9.d4 cxd4 10.Nxd4 Qc7 11.Be3 Be7 12.Rc1 O-O 13.f4 Rfe8 14.g4 g6 15.g5 Nh5
16.Bf3 e5 17.Nd5 Qd8 18.Nf5 Bxd5 19.Nh6+ Kg7 20.Qxd5 Nxf4 21.Bxf4 exf4 22.Nxf7 Qc7
23.Red1 Ne5 24.Nxe5 dxe5 25.Qd7 Qxd7 26.Rxd7 Rad8 27.Rcd1 Kf8 28.h4 Rxd7
29.Rxd7 Rd8 30.Bg4 Rxd7 31.Bxd7 Kg7 32.Kg2 h6 33.gxh6+ Kxh6 34.Kh3 Bc5 35.Kg4 a5
36.b3 Be7 37.Bc8 f3 38.Kxf3 Bxh4 39.Bd7 Kg7 40.Be8 Be7 41.Kg4 Ba3 42.Kg5 Bc1+
43.Kg4 Kf6 44.Kf3 g5  1/2-1/2

[Event "Budapest FS10 GM"]
[Site "Budapest"]
[Date "1994.??.??"]
[Round "10"]
[White "Horvath, Jozsef"]
[Black "Andrienko, Anatoly"]
[Result "1-0"]
[WhiteElo "2520"]
[BlackElo "2315"]

1.Nf3 Nf6 2.c4 c5 3.Nc3 g6 4.e4 Bg7 5.d4 cxd4 6.Nxd4 Nc6 7.Be3 Ng4 8.Qxg4 Nxd4
9.Qd1 Ne6 10.Rc1 b6 11.Bd3 Bb7 12.b4 Qb8 13.Nd5 h5 14.h4 Nd4 15.Bb1 Nc6 16.Bg5 f6
17.Bf4 Ne5 18.O-O e6 19.Ne3 O-O 20.Bg3 Qc7 21.f4 Nf7 22.c5 a5 23.Kh2 f5 24.cxb6 Qxb6
25.Nc4 Qxb4 26.Qxd7 Bc8 27.Qc6 Bb7 28.Qxe6 Ra6 29.Qd7 Rd8 30.a3 Qb3 31.Qc7 Rc8
32.Nxa5 Rxc7 33.Nxb3 Rxc1 34.Nxc1 fxe4 35.f5  1-0

[Event "Budapest FS07 IM"]
[Site "Budapest"]
[Date "1994.??.??"]
[Round "12"]
[White "Kern, Guido"]
[Black "Spielmann, Alain"]
[Result "1/2-1/2"]
[WhiteElo "2310"]
[BlackElo "2295"]

1.c4 c5 2.Nf3 Nf6 3.Nc3 e6 4.g3 b6 5.Bg2 Bb7 6.O-O d6 7.Re1 Be7 8.e4 a6 9.d4 cxd4
10.Nxd4 Qc7 11.Be3 O-O 12.Rc1 Re8 13.f4 Nbd7 14.f5 e5 15.Nd5 Qd8 16.Nb3 h6
17.h4 Rc8 18.Qe2 Nxd5 19.cxd5 Rxc1 20.Rxc1 Qb8 21.Qf2 Rc8 22.Rf1 Rc4 23.g4 Nf6
24.Qe2 Rxe4 25.g5 hxg5 26.hxg5 Rxe3 27.Qxe3 Nxd5 28.Bxd5 Bxd5 29.f6 Bf8 30.Rf2 Qc8
31.Qg3 Qc4 32.Nd2 Qc1+ 33.Nf1 Be6 34.b3 d5 35.g6 Qh6 36.Qxe5 Qxg6+ 37.Rg2 Bc5+
38.Kh1 Qh6+ 39.Rh2 Qxf6 40.Qxf6 gxf6 41.Kg2 Kf8 42.Kf3 Ke7 43.Rh5 Bd4 44.Ne3 Be5
45.Ke2 Kd6 46.Kd3 Kc5 47.Rh1 a5 48.Rc1+ Kd6 49.Rf1 b5 50.Nf5+ Kc5 51.Nd4 Bxd4
52.Rc1+ Kb4 53.Kxd4 a4 54.bxa4 bxa4 55.Rc3 Kb5 56.a3  1/2-1/2

[Event "Budapest FS04 IM-A"]
[Site "Budapest"]
[Date "1994.??.??"]
[Round "13"]
[White "Reh, Philipp"]
[Black "Wohlfahrt, Herbert J"]
[Result "1-0"]
[WhiteElo "2160"]
[BlackElo "2250"]

1.c4 Nf6 2.Nc3 c5 3.Nf3 e6 4.g3 b6 5.Bg2 Bb7 6.O-O Be7 7.d4 cxd4 8.Qxd4 d6
9.Rd1 a6 10.Ng5 Bxg2 11.Kxg2 Nc6 12.Qf4 Ne5 13.b3 Qc7 14.Nge4 Qc6 15.f3 Rd8
16.Ba3 Nxe4 17.Nxe4 f6 18.Rd2 Nf7 19.g4 g5 20.Nxf6+ Kf8 21.Qe4 Qxe4 22.Nxe4 d5
23.Bxe7+ Kxe7 24.cxd5 Rxd5 25.Rc2 Rhd8 26.Rc6 Rb5 27.Rac1 Rd7 28.Rc8 a5 29.Rg8 Re5
30.Rcc8 Rb7 31.Rg7 h6 32.Kf2 Rd5 33.Rh8 Rd8 34.Rxh6 Kf8 35.Rhh7 Rbd7 36.Nxg5 Ne5
37.Nxe6+ Ke8 38.Rh8+  1-0

[Event "ARG-ch"]
[Site "Buenos Aires"]
[Date "1994.??.??"]
[Round "3"]
[White "Rubinetti, Jorge A"]
[Black "Giardelli, Sergio C"]
[Result "1/2-1/2"]
[WhiteElo "2455"]
[BlackElo "2475"]

1.Nf3 Nf6 2.c4 c5 3.Nc3 g6 4.e4 d6 5.d4 cxd4 6.Nxd4 Bg7 7.Be2 O-O 8.O-O Nc6
9.Be3 Bd7 10.Rc1 Nxd4 11.Bxd4 Bc6 12.f3 a5 13.b3 Rc8 14.Qd2 Nd7 15.Be3 f5
16.exf5 Rxf5 17.f4 Kh8 18.Bg4 Rf8 19.Nd5 Ra8 20.Bxd7 Bxd5 21.Qxd5 Qxd7 22.Bd4 Rf5
23.Bxg7+ Kxg7 24.Qd4+ Kg8 25.Rce1 Raf8 26.Qe4 R8f7 27.h3 b5  1/2-1/2

[Event "Buenos Aires PRENAJ"]
[Site "Buenos Aires"]
[Date "1994.??.??"]
[Round "4"]
[White "Anelli, Antonio"]
[Black "Casafus, Ruben"]
[Result "1/2-1/2"]
[WhiteElo "2310"]
[BlackElo "2430"]

1.c4 c5 2.Nf3 Nf6 3.Nc3 b6 4.g3 Bb7 5.Bg2 g6 6.O-O Bg7 7.d4 cxd4 8.Nxd4 Bxg2
9.Kxg2 Qc8 10.b3 d5 11.Nxd5 Nxd5 12.cxd5 Qc5 13.Be3 Qxd5+ 14.Nf3 Qb7 15.Rc1 O-O
16.Rc4 Na6 17.Qb1 Rfc8 18.Rfc1 h6 19.Kg1 Rxc4 20.Rxc4 Rd8 21.Qc1 b5 22.Rc2 Kh7
23.h4 Rd7 24.Rd2 Nb4  1/2-1/2

[Event "ESP-chT"]
[Site "Cala Galdana"]
[Date "1994.??.??"]
[Round "?"]
[White "Corral Blanco, Juan A"]
[Black "Magem Badals, Jorge"]
[Result "1/2-1/2"]
[WhiteElo "2395"]
[BlackElo "2505"]

1.c4 c5 2.Nf3 Nf6 3.Nc3 d5 4.cxd5 Nxd5 5.d4 e6 6.e4 Nxc3 7.bxc3 cxd4 8.cxd4 Bb4+
9.Bd2 Bxd2+ 10.Qxd2 O-O 11.Bc4 Nc6 12.O-O b6 13.Rad1 Na5 14.Bd3 Bb7 15.Rfe1 h6
16.Qf4 Qf6 17.Qg4 Rfd8 18.d5 Qe7 19.Qf4 Rac8 20.dxe6 Qxe6 21.e5 Bxf3 22.Qxf3 g6
23.Qf4 Kg7 24.h4 h5 25.Qg5 Nc6 26.f4 Nd4 27.Rf1 Qg4 28.Qf6+ Kg8 29.Rde1 Ne6  1/2-1/2

[Event "Cannes op"]
[Site "Cannes"]
[Date "1994.??.??"]
[Round "2"]
[White "Mohr, Georg"]
[Black "Hmadi, Slaheddine"]
[Result "0-1"]
[WhiteElo "2420"]
[BlackElo "2305"]

1.Nf3 Nf6 2.c4 c5 3.Nc3 d5 4.cxd5 Nxd5 5.g3 Nc6 6.Bg2 e6 7.O-O Be7 8.d4 O-O
9.Nxd5 exd5 10.b3 Re8 11.dxc5 Bxc5 12.Bb2 Bf5 13.Rc1 Bb6 14.Qd2 Be4 15.e3 Qe7
16.Rfd1 Rad8 17.Qe2 f6 18.Nd4 Bxg2 19.Kxg2 Qe4+ 20.Nf3 Kh8 21.Kg1 d4 22.Rc4 Qg4
23.Rd2 Qh5 24.Kg2 dxe3 25.Rxd8 Nxd8 26.fxe3 Rxe3 27.Qd1 Nc6 28.Bc1 Re6 29.Rc2 Qe8
30.Kf1 Qh5 31.Kg2 Qf5 32.Re2 h6 33.Rxe6 Qxe6 34.Bd2 Qd5 35.Kf1 Ne5 36.Nxe5 fxe5
37.Qc2 Qf3+ 38.Ke1 Bf2+  0-1

[Event "Cannes op"]
[Site "Cannes"]
[Date "1994.??.??"]
[Round "9"]
[White "Markowski, Tomasz"]
[Black "Spraggett, Kevin"]
[Result "1-0"]
[WhiteElo "2495"]
[BlackElo "2550"]

1.Nf3 c5 2.c4 Nf6 3.Nc3 e6 4.e3 Nc6 5.d4 d5 6.cxd5 exd5 7.Bb5 Bd6 8.O-O O-O
9.dxc5 Bxc5 10.b3 Bg4 11.Bb2 Bd6 12.Rc1 Rc8 13.Be2 Bb8 14.Nb5 Re8 15.Nbd4 Qd6
16.g3 Bh3 17.Re1 Ne4 18.Nxc6 bxc6 19.Qd4 Qh6 20.Rc2 Bd7 21.b4 a5 22.bxa5 Bd6
23.Bf1 Rb8 24.Bg2 Ra8 25.Nd2 Be5 26.Qa4 f5 27.Bxe5 Rxe5 28.Nf3 Re7 29.Qb4 Ree8
30.Rb1 Qf6 31.Kf1 h6 32.a6 Kh7 33.Qd4 Qd6 34.Rb6 Rac8 35.Rcb2 Rc7 36.Rc2 Ra8
37.a4 Qa3 38.Rb7 Rac8 39.Rcb2 Qd6  1-0

[Event "Cappelle op"]
[Site "Cappelle la Grande"]
[Date "1994.??.??"]
[Round "7"]
[White "Rayner, Francis"]
[Black "Suleimanov, Salman"]
[Result "0-1"]
[WhiteElo "2285"]
[BlackElo "2350"]

1.c4 Nf6 2.Nc3 c5 3.Nf3 d5 4.cxd5 Nxd5 5.e4 Nb4 6.Bb5+ Bd7 7.Bc4 N8c6 8.a3 Be6
9.Bxe6 Nd3+ 10.Kf1 fxe6 11.g3 g6 12.b4 Bg7 13.Kg2 O-O 14.Rf1 c4 15.Rb1 Qd7
16.Bb2 Rad8 17.Ba1 Nd4 18.Nxd4 Bxd4 19.f3 b5 20.Qe2 Rf7 21.h4 e5 22.Nd5 Rdf8
23.Ne3 Rf4 24.Nd5 R4f7 25.Ne3 Rf6 26.Nc2 Rf4 27.Bxd4 Rxh4 28.Rh1 Rxh1 29.Rxh1 exd4
30.e5 Qf5 31.Nxd4 Qxe5 32.Qxe5 Nxe5 33.Nxb5 Nxf3 34.Nxa7 Nd4 35.b5 Ra8 36.b6 Rb8
37.Rc1 Rxb6 38.Rxc4 e5 39.Rc3 Rb2 40.Rd3 Kf7 41.a4 Ke6 42.Nb5 Nxb5 43.axb5 Rxb5
44.Re3 Rd5 45.d3 Rd4 46.Kf3 Kd5 47.g4 Rf4+ 48.Kg3 Kd4 49.Re1 h5 50.gxh5 gxh5
51.Ra1 Kxd3 52.Ra3+ Ke4 53.Ra8 h4+ 54.Kg2 Kd5 55.Ra5+ Ke6 56.Ra6+ Kf5 57.Ra8 Rc4
58.Rf8+ Ke4 59.Re8 Kf4 60.Rf8+ Ke3 61.Rf3+ Ke4 62.Rf8 Rc3 63.Rh8 h3+ 64.Kf1 Rc1+
65.Kf2 h2  0-1

[Event "Catania op"]
[Site "Cattolica"]
[Date "1994.??.??"]
[Round "2"]
[White "Parrella, Alfredo"]
[Black "De la Rocha, Ramon"]
[Result "0-1"]
[WhiteElo "2210"]
[BlackElo "2300"]

1.c4 c5 2.Nc3 Nf6 3.Nf3 d5 4.cxd5 Nxd5 5.g3 Nc6 6.Bg2 e6 7.O-O Be7 8.Nxd5 exd5
9.d4 O-O 10.dxc5 Bxc5 11.Qb3 d4 12.Bg5 Qb6 13.Qxb6 Bxb6 14.Rfc1 Re8 15.Kf1 h6
16.Bf4 Bg4 17.h3 Bf5 18.g4 Be4 19.Ng1 d3 20.Bxe4 Rxe4 21.Bd2 Ne5 22.e3 f5
23.gxf5 Rf8 24.b3 Rxf5 25.Kg2 Rg5+ 26.Kh1 Rh5 27.Kg2 Rg5+ 28.Kh1 Ng4 29.Rf1 Nf6
30.Rac1 Re6 31.Bb4 Ne4 32.Rc8+ Kh7 33.Rf8 Rb5 34.Ba3 Ra5 35.Bb2 Rxa2 36.Ba1 Bxe3  0-1

[Event "FRA-ch"]
[Site "Chambery"]
[Date "1994.??.??"]
[Round "?"]
[White "Hauchard, Arnaud"]
[Black "Bauer, Christian"]
[Result "1-0"]
[WhiteElo "2470"]
[BlackElo "2420"]

1.c4 c5 2.Nc3 Nf6 3.Nf3 d5 4.cxd5 Nxd5 5.d4 g6 6.e4 Nxc3 7.bxc3 Bg7 8.Rb1 O-O
9.Be2 cxd4 10.cxd4 Qa5+ 11.Bd2 Qxa2 12.O-O b6 13.Rc1 Qe6 14.Bc4 Qd7 15.Qe2 a5
16.Rb1 Qa7 17.d5 Ba6 18.Be3 Nd7 19.Nd4 Ne5 20.Bb5 Bxb5 21.Rxb5 Qa6 22.Rfb1 Nd7
23.Nc6 Rfe8 24.Qd2 a4 25.Bd4 a3 26.Qa2 Bxd4 27.Nxd4 Nc5 28.f3 Nd3 29.h3 Qa4
30.Nc6 Nc1 31.Qd2 a2 32.Qxc1 axb1=Q 33.Rxb1 Qa6 34.Qe3 Qc4 35.Qxb6 Ra2 36.Kh1 Kf8
37.Qe3 Qe2 38.Qh6+ Kg8 39.Nxe7+ Kh8 40.Qg5 Rxe7  1-0

[Event "Chicago op"]
[Site "Chicago"]
[Date "1994.??.??"]
[Round "5"]
[White "Yermolinsky, Alex"]
[Black "Olesen, Martin"]
[Result "1-0"]
[WhiteElo "2620"]
[BlackElo "2340"]

1.Nf3 Nf6 2.c4 c5 3.Nc3 b6 4.e4 d6 5.d4 cxd4 6.Nxd4 Bb7 7.Qe2 e6 8.g3 Be7
9.Bg2 a6 10.O-O Qc7 11.Be3 Nbd7 12.Rac1 O-O 13.f4 Rac8 14.b3 Nc5 15.Bf2 Rfe8
16.Rfe1 g6 17.Nc2 Qb8 18.Rcd1 Qa8 19.Bd4 e5 20.fxe5 dxe5 21.Bf2 Ncd7 22.Nd5 b5
23.Nce3 Bc5 24.Rf1 Qb8 25.Bh3 Rcd8 26.Bxd7 Nxd7 27.Ng4 Bxf2+ 28.Qxf2 Rf8
29.Ne7+  1-0

[Event "CZE-ch"]
[Site "?"]
[Date "1994.??.??"]
[Round "4"]
[White "Divis, Josef"]
[Black "Jurek, Josef"]
[Result "0-1"]
[WhiteElo "2305"]
[BlackElo "2280"]

1.c4 Nf6 2.Nc3 c5 3.Nf3 e6 4.g3 b6 5.Bg2 Bb7 6.O-O Be7 7.e3 O-O 8.d4 d5 9.dxc5 bxc5
10.cxd5 exd5 11.b3 Na6 12.Bb2 Nc7 13.Rc1 Ne6 14.Ne5 Rb8 15.Na4 Bd6 16.Qc2 Qe7
17.Rfd1 Rfd8 18.Qf5 Rbc8 19.h4 d4 20.exd4 g6 21.Qh3 cxd4 22.Nc6 Bxc6 23.Bxc6 Bb4
24.Qf1 Qd6 25.Bb7 Rxc1 26.Rxc1 Nd5 27.Qc4 Bd2 28.Rd1 Ne3 29.fxe3 Qxg3+ 30.Kf1 Bxe3
31.Qc2 Qg1+ 32.Ke2 Qf2+  0-1

[Event "DEN-chT9394"]
[Site "DEN"]
[Date "1994.??.??"]
[Round "6"]
[White "Nielsen, Uffe V"]
[Black "Sorensen, Jan"]
[Result "1/2-1/2"]
[WhiteElo "2350"]
[BlackElo "2395"]

1.Nf3 Nf6 2.c4 c5 3.Nc3 g6 4.g3 b6 5.Bg2 Bb7 6.O-O Bg7 7.d4 cxd4 8.Nxd4 Bxg2
9.Kxg2 Qc7 10.Qd3 Qb7+ 11.Qf3 Qxf3+ 12.Kxf3 Nc6 13.Nxc6 dxc6 14.Bd2  1/2-1/2

[Event "Dresden op"]
[Site "Dresden"]
[Date "1994.??.??"]
[Round "?"]
[White "Bezold, Michael"]
[Black "Giemsa, Stephan"]
[Result "1-0"]
[WhiteElo "2475"]
[BlackElo "2295"]

1.c4 c5 2.Nf3 Nf6 3.Nc3 g6 4.d4 cxd4 5.Nxd4 Nc6 6.Nc2 Bg7 7.e4 O-O 8.Be2 Ne8
9.h4 Nd6 10.h5 Bxc3+ 11.bxc3 Qa5 12.hxg6 fxg6 13.Qd5+ Rf7 14.Bd2 b6 15.Ne3 Qxd5
16.cxd5 Ne5 17.f3 Bb7 18.a4 Rff8 19.a5 Rac8 20.axb6 axb6 21.O-O Ra8 22.Rfb1 b5
23.Rxa8 Rxa8 24.Be1 Ra2 25.Bd1 Ba6 26.Nc2 Nd3 27.Bh4 Kf7 28.Ne1 Nf4 29.Bg3 Ne2+
30.Bxe2 Rxe2 31.Ra1 Bc8 32.Kf1 Re3 33.Be5 Nc4 34.Bd4 Nd2+ 35.Kf2 Nb3 36.Ra8  1-0

[Event "Eger"]
[Site "Eger"]
[Date "1994.??.??"]
[Round "8"]
[White "Kajnih, Danilo"]
[Black "Schmitt, Andre"]
[Result "1/2-1/2"]
[WhiteElo "2240"]
[BlackElo "2285"]

1.c4 Nf6 2.Nc3 c5 3.Nf3 e6 4.g3 b6 5.Bg2 Bb7 6.O-O Be7 7.d4 cxd4 8.Qxd4 d6
9.b3 O-O 10.Bb2 a6 11.Rac1 Nbd7 12.Rfd1 Qc7 13.e4 Rad8 14.Qe3 Qb8 15.Nd4 Rfe8
16.b4 Bf8 17.Nb3 Rc8 18.Na4 Bc6 19.Nc3 Ba8 20.Qd4 Ne5 21.Ne2 Ned7 22.h3 Bb7
23.g4 h6 24.Ng3 b5 25.cxb5 axb5 26.Qd3 Rxc1 27.Rxc1 d5 28.Qxb5 dxe4 29.Na5 Bd5
30.Qxb8 Rxb8 31.a3 Bd6 32.Bd4 Bf4 33.Rc2 Rd8 34.Ne2 Bd6 35.Ng3 Ne5 36.Bc5 Bc7
37.Bd4 Bd6 38.Bc5 Bc7 39.Bd4  1/2-1/2

[Event "RUS-ch"]
[Site "Elista"]
[Date "1994.??.??"]
[Round "3"]
[White "Ragozin, Evgeni"]
[Black "Burmakin, Vladimir"]
[Result "1/2-1/2"]
[WhiteElo "2510"]
[BlackElo "2555"]

1.c4 Nf6 2.Nc3 c5 3.Nf3 g6 4.d4 cxd4 5.Nxd4 Nc6 6.e4 Bg7 7.Be3 d6 8.Be2 Bd7
9.Nb3 b6 10.f3 Rc8 11.Rb1 O-O 12.O-O Ne5 13.Nd5 Nxd5 14.exd5 Ba4 15.Qd2 Nd7
16.Nd4 Nf6 17.b4 Be8 18.f4 a6 19.f5 Bd7 20.Bh6 b5 21.Bxg7 Kxg7 22.c5 dxc5
23.bxc5 Nxd5 24.Rfd1 e5 25.Nf3 Nf6 26.fxg6 hxg6 27.Nxe5 Bf5 28.Qb2 Qe7 29.c6 Rfe8
30.Nd7 Red8 31.Qxf6+ Qxf6 32.Nxf6 Rxd1+ 33.Bxd1 Kxf6 34.Bf3 Ke7 35.Kf2 Kd6
36.Ke3 b4 37.Rd1+ Kc7 38.Rd4 a5 39.Rd5 Kb6 40.Be2 Rxc6 41.Rb5+ Kc7 42.Rxa5 Rc3+
43.Kd4 Kd6 44.Bc4 Be6  1/2-1/2

[Event "RUS-ch"]
[Site "Elista"]
[Date "1994.??.??"]
[Round "3"]
[White "Pushkov, Nikolai"]
[Black "Shipov, Sergei"]
[Result "1/2-1/2"]
[WhiteElo "2485"]
[BlackElo "2525"]

1.Nf3 Nf6 2.c4 c5 3.Nc3 e6 4.g3 b6 5.Bg2 Bb7 6.O-O Be7 7.d4 cxd4 8.Qxd4 d6
9.b3 O-O 10.Bb2 Nbd7 11.Rfd1 a6 12.Ng5 Bxg2 13.Kxg2 Qb8 14.Nge4 Rd8 15.Nxf6+ Bxf6
16.Qd2 Qb7+ 17.f3 Nf8 18.Rac1 h6 19.Ne4 Bxb2 20.Qxb2 d5 21.Nf2 dxc4 22.Rxc4 Rxd1
23.Nxd1 Rc8 24.Qc2 Rxc4 25.Qxc4 Nd7 26.Ne3 b5 27.Qd4 Qc7 28.Kf2 Nf6 29.a4 bxa4
30.bxa4 Nd7 31.a5 Nc5 32.Qb4 Qd6 33.Kg2 Qe5 34.Kf2 h5 35.Qd2 Qc7 36.Qb4 Qd6
37.Kg2 Qe5 38.Kf2 g6 39.Nc2 Qc7 40.Ne3 Qd6 41.Kg2 Qe5 42.Kf2 Qd6 43.Kg2 Qe5  1/2-1/2

[Event "RUS-ch"]
[Site "Elista"]
[Date "1994.??.??"]
[Round "10"]
[White "Khasin, Alexander"]
[Black "Ruban, Vadim"]
[Result "1/2-1/2"]
[WhiteElo "2470"]
[BlackElo "2560"]

1.c4 c5 2.Nc3 Nf6 3.Nf3 e6 4.g3 d5 5.cxd5 Nxd5 6.Bg2 Nc6 7.O-O Be7 8.d4 O-O
9.Nxd5 exd5 10.Be3 c4 11.b3 Na5 12.Qb1 Be6 13.b4 Nc6 14.b5 Na5 15.Bd2 a6
16.b6 Nc6 17.Qb2 Qd7 18.Bc3 Bh3 19.Ne5 Nxe5 20.dxe5 Bxg2 21.Kxg2 Qc6 22.Kg1 Bc5
23.e3 Rfe8 24.a4 Re6 25.a5 Rh6  1/2-1/2

[Event "RUS-ch"]
[Site "Elista"]
[Date "1994.??.??"]
[Round "11"]
[White "Ragozin, Evgeni"]
[Black "Notkin, Maksim"]
[Result "0-1"]
[WhiteElo "2510"]
[BlackElo "2465"]

1.c4 Nf6 2.Nc3 c5 3.Nf3 e6 4.e3 Nc6 5.a3 d5 6.d4 Ne4 7.Qc2 Nxc3 8.bxc3 dxc4
9.Bxc4 Be7 10.O-O O-O 11.Rd1 Qc7 12.Bd3 g6 13.e4 Rd8 14.Be3 b6 15.Qa2 Bf6
16.e5 Be7 17.h4 Bb7 18.h5 Na5 19.hxg6 hxg6 20.Nh2 Kg7 21.Ng4 Rh8 22.dxc5 Rh4
23.f3 Rah8 24.cxb6 axb6 25.Kf2 Bc5 26.Bd4 Bd5 27.Qb2 Nb3 28.Rab1 Rxg4 29.fxg4 Qxe5
30.Bf1 Nxd4 31.cxd4 Qf4+ 32.Ke1 Be7  0-1

[Event "FIN-chT"]
[Site "?"]
[Date "1994.??.??"]
[Round "?"]
[White "Paldanius, Pekka"]
[Black "Raaste, Eero J"]
[Result "1-0"]
[WhiteElo "2280"]
[BlackElo "2350"]

1.Nf3 c5 2.c4 Nf6 3.Nc3 g6 4.d4 cxd4 5.Nxd4 Bg7 6.e4 d6 7.Be2 Nc6 8.Be3 O-O
9.O-O Bd7 10.Qd2 a6 11.Rac1 Rc8 12.f3 Re8 13.Rfd1 Ne5 14.b3 Qa5 15.Bf1 Rb8
16.h3 Rec8 17.f4 Nc6 18.Qf2 b5 19.cxb5 Nb4 20.e5 Rxc3 21.Rxc3 Ne4 22.Qe1 Nxc3
23.Qxc3 dxe5 24.fxe5 Bxe5 25.bxa6 Rc8 26.Qd2 Bd6 27.a4 Qe5 28.Nf3 Qe4 29.Qd4 Qa8
30.Qa7 Be6 31.Qxa8 Rxa8 32.Nd4 Bc5 33.Bf2 Bc8 34.Rc1 Bd6 35.a7 Bb7 36.Nb5 Bf4
37.Rd1 Nc6 38.Rd7 Bc8 39.Nc7 Bxd7 40.Nxa8 Nxa7 41.Bxa7  1-0

[Event "Finkenstein op"]
[Site "Finkenstein"]
[Date "1994.??.??"]
[Round "?"]
[White "Bodner, Alfred"]
[Black "Van Baarle, C John"]
[Result "0-1"]
[WhiteElo "2085"]
[BlackElo "2320"]

1.c4 c5 2.Nf3 e6 3.Nc3 Nf6 4.e3 d5 5.d4 Nc6 6.a3 a6 7.dxc5 Bxc5 8.b4 Bd6
9.c5 Bc7 10.Bb2 O-O 11.Be2 Qe7 12.O-O Rd8 13.Qc2 e5 14.Rfe1 e4 15.Nd2 Ng4
16.Bxg4 Bxg4 17.Nf1 Ne5 18.Ne2 Nd3 19.Red1 Bxe2 20.Qxe2 Nxb2 21.Qxb2 Be5
22.Rd4 Bxd4 23.exd4 f5 24.Qd2 Qf6 25.g3 f4 26.gxf4 Rf8 27.a4 Qxf4 28.Qxf4 Rxf4
29.Ne3 Rd8 30.b5 axb5 31.axb5 h5 32.Ra7 Rf7 33.Ra5 Kf8 34.c6 bxc6 35.bxc6 Rc7
36.Rc5 Rd6 37.Nf5 Rdxc6 38.Rxd5 g6 39.Ng3 Rc1+ 40.Kg2 Re1 41.Re5 Re7 42.Rd5 e3
43.fxe3 h4 44.Rd8+ Kg7 45.d5 hxg3  0-1

[Event "Formia op"]
[Site "Formia"]
[Date "1994.??.??"]
[Round "6"]
[White "Ragozin, Evgeni"]
[Black "Grosar, Aljosa"]
[Result "1/2-1/2"]
[WhiteElo "2495"]
[BlackElo "2435"]

1.c4 Nf6 2.Nc3 c5 3.Nf3 d5 4.cxd5 Nxd5 5.e4 Nb4 6.Bb5+ N8c6 7.d4 cxd4 8.a3 Bd7
9.Nxd4 Nxd4 10.Bxd7+ Qxd7 11.axb4 e6 12.Be3 Rd8 13.Bxd4 Qxd4 14.Qa4+ Qd7
15.O-O Qxa4 16.Rxa4 a6 17.b5 axb5 18.Nxb5 Bc5 19.Rc4 Bb6 20.Rfc1 O-O 21.R4c2 Rd3
22.g3 Rb3 23.Nd6 Bd4 24.Rd2 e5 25.Nf5 Rxb2 26.Rxb2 Bxb2 27.Rb1 Bc3 28.Rxb7 h5
29.Kg2 g6 30.Nd6 Bd4 31.f4 exf4 32.gxf4 Bc5 33.Nc4 Ra8 34.Rb2 Ra1 35.e5 Rc1
36.Na5 Bd4 37.Re2 Rc3 38.Re4 Bb6 39.Nc4 Bc5 40.Na5 Rc2+ 41.Kh1 h4 42.Rc4 Rxc4
43.Nxc4 h3 44.Nd2 Be3 45.Ne4 Bxf4 46.Nf2 Bxe5 47.Nxh3 Kg7 48.Ng1 Kh6 49.Kg2 Kg5
50.Nf3+ Kf4 51.h3 Bf6 52.Ng1 Bd4 53.Nf3 Bf6 54.Ng1 Bh4 55.Nf3 g5 56.Ng1 Ke3
57.Nf3 f6 58.Nh2 Ke4 59.Nf3 Kf4 60.Nh2 Be1 61.Nf3 Bc3 62.Nh2 Be5 63.Nf3 Ke4
64.Ng1 Bd6 65.Nf3 Bf4 66.Ng1 Ke3 67.Nf3 f5 68.Ng1 g4 69.hxg4 fxg4 70.Nh3  1/2-1/2

[Event "Formia op"]
[Site "Formia"]
[Date "1994.??.??"]
[Round "8"]
[White "Konopka, Michal"]
[Black "Borgo, Giulio"]
[Result "0-1"]
[WhiteElo "2455"]
[BlackElo "2350"]

1.Nf3 c5 2.c4 Nf6 3.Nc3 d5 4.cxd5 Nxd5 5.e4 Nb4 6.Bb5+ N8c6 7.d4 cxd4 8.a3 Bd7
9.axb4 dxc3 10.bxc3 Qc7 11.O-O e5 12.Qd5 Be7 13.Bxc6 Bxc6 14.Qxe5 Qxe5 15.Nxe5 Bxe4
16.Re1 Bd5 17.Be3 a6 18.Bd4 O-O 19.Nd7 Rfe8 20.Nb6 Rad8 21.Nxd5 Rxd5 22.Re2 f6
23.Rae1 Kf7 24.Bb6 Re5 25.Rxe5 fxe5 26.Rxe5 Bf6 27.Rxe8 Kxe8 28.c4 Kd7 29.b5 axb5
30.cxb5 Kd6 31.Be3 Kd5 32.g4 Bd4 33.Bd2 Kc4 34.Kf1 Kxb5 35.Ke2 Kc4 36.f4 b5
37.h4 Bc3 38.Bc1 b4 39.f5 h5 40.g5 b3 41.f6 gxf6 42.gxf6 Bxf6 43.Kf3 Bxh4
44.Bb2 Kd3 45.Be5 Be1  0-1

[Event "FRA-chT "]
[Site "FRA"]
[Date "1994.??.??"]
[Round "3"]
[White "Sellos, Didier"]
[Black "Hauchard, Arnaud"]
[Result "1/2-1/2"]
[WhiteElo "2420"]
[BlackElo "2490"]

1.Nf3 Nf6 2.c4 c5 3.Nc3 b6 4.g3 Bb7 5.Bg2 g6 6.O-O Bg7 7.d3 O-O 8.e4 d6 9.Bf4 Nc6
10.Qd2 Nd7 11.Bh6 Nde5 12.Bxg7 Nxf3+ 13.Bxf3 Kxg7 14.Bg2 Nd4 15.Rae1 a6 16.Ne2 Nxe2+
17.Rxe2 b5 18.Re3 e5 19.f4 b4 20.f5 f6 21.h4 g5 22.hxg5 fxg5 23.Bf3 Bc6 24.Bh5 Qf6
25.Re2 a5 26.Rh2 a4 27.Rh3 a3 28.b3 Be8 29.Qe2 Bxh5 30.Qxh5 h6 31.Kg2 Rh8  1/2-1/2

[Event "FRA-chT "]
[Site "FRA"]
[Date "1994.??.??"]
[Round "4"]
[White "Luce, Sebastien"]
[Black "Lefebvre, Herve"]
[Result "1-0"]
[WhiteElo "2390"]
[BlackElo "2140"]

1.Nf3 Nf6 2.c4 c5 3.Nc3 e6 4.g3 b6 5.Bg2 Bb7 6.O-O Be7 7.b3 O-O 8.d4 cxd4
9.Qxd4 Nc6 10.Qf4 Qb8 11.Rd1 Nb4 12.Bb2 Qxf4 13.gxf4 d5 14.Ne5 Rad8 15.a3 Nc6
16.cxd5 Nxe5 17.fxe5 Nxd5 18.Nxd5 Bxd5 19.Bxd5 Rxd5 20.Rxd5 exd5 21.Rc1 a5
22.Rc7 Bc5 23.Rd7 d4 24.Bxd4 Bxd4 25.Rxd4 Rb8 26.a4 Kf8 27.Rd5 Ke7 28.Rb5 Kd7
29.f4 Kc6 30.Kf2 Rd8 31.Kf3 g6 32.b4 axb4 33.Rxb4 Rd1 34.Ke3 Kc5 35.Rb5+ Kc6
36.Rb3 Ra1 37.Rc3+ Kd7 38.Rd3+ Ke7 39.Rd4 Ra3+ 40.Ke4 Rh3 41.Rb4 Rxh2 42.Kd3 Rh3+
43.e3 Rh1 44.Rxb6 Ra1 45.Ra6 h5 46.Ke2 Ra3 47.Ra8 Ra2+ 48.Kf3 Ra3 49.a5 Ra4
50.a6 Ra2 51.a7 Ra3 52.e6 fxe6 53.Rh8  1-0